Top 100 PS3 game units sold - Statistics

General Stats
  • This quiz has been taken 1,254 times
    1,056 since last reset
  • The average score is 18 of 100
Answer Stats
# Units sold in Millions Answer % Correct
2 11.47 Call of Duty: Black Ops
71%
4 9.26 Grand Theft Auto IV
66%
3 10.00 Call of Duty: Modern Warfare 2
60%
6 6.15 Call of Duty 4: Modern Warfare
56%
9 5.68 Uncharted 2: Among Thieves
52%
18 4.51 Uncharted 3: Drake's Deception
51%
1 12.24 Call of Duty: Modern Warfare 3
47%
7 6.12 FIFA Soccer 12
46%
29 3.51 FIFA Soccer 10
43%
15 4.87 FIFA Soccer 11
43%
41 2.50 God of War Collection
43%
20 4.41 Assassin's Creed
40%
8 5.72 Battlefield 3
38%
13 4.88 Call of Duty: World at War
38%
12 4.96 LittleBigPlanet
38%
40 2.51 FIFA Soccer 09
37%
73 1.70 FIFA Soccer 08
36%
11 5.02 Assassin's Creed II
35%
5 7.79 Gran Turismo 5
35%
22 4.10 Gran Turismo 5 Prologue
35%
25 4.04 Elder Scrolls v: Skyrim
33%
14 4.87 Red Dead Redemption
32%
19 4.43 God of War III
31%
36 2.61 LittleBigPlanet 2
26%
10 5.66 Metal Gear Solid 4: Guns of the Patriots
26%
93 1.31 Call of Duty 3
25%
52 2.18 inFAMOUS
25%
23 4.08 Assassin's Creed: Brotherhood
24%
32 2.96 Fallout 3
24%
16 4.86 Final Fantasy XIII
23%
35 2.66 Elder Scrolls IV: Oblivion
22%
33 2.86 Killzone 2
21%
17 4.73 Resident Evil 5
21%
21 4.26 Uncharted: Drake's Fortune
20%
30 3.46 Batman: Arkham Asylum
19%
28 3.53 Batman: Arkham City
19%
94 1.30 BioShock 2
19%
49 2.25 Fallout: New Vegas
19%
27 3.58 Assassin's Creed: Revelations
18%
56 2.06 Final Fantasy XIII-2
18%
53 2.13 Heavy Rain
18%
47 2.31 Killzone 3
18%
34 2.71 Battlefield: Bad Company 2
17%
70 1.73 Mortal Kombat
17%
64 1.86 NBA 2k12
16%
80 1.56 Borderlands
15%
74 1.69 NBA 2k11
15%
45 2.33 Resistance 2
15%
59 2.03 Street Fighter IV
13%
96 1.29 Portal 2
12%
67 1.78 Dead Space
11%
38 2.53 L.A. Noire
11%
24 4.07 Resistance: Fall of Man
11%
42 2.43 Tekken 6
11%
54 1.07 Guitar Hero III: Legends of Rock
10%
26 3.74 MotorStorm
10%
77 1.62 Demon's Souls
9%
46 2.32 Madden NFL 10
9%
48 2.29 Madden NFL 11
9%
60 1.98 Madden NFL 12
9%
50 2.24 Need for Speed: Hot Pursuit
9%
66 1.82 Madden NFL 09
8%
37 2.54 Medal of Honor
8%
85 1.46 Rock Band
8%
83 1.52 Saints Row 2
8%
69 1.77 Saints Row: The Third
8%
71 1.71 LEGO Star Wars: The complete Sega
7%
88 1.41 Dead island
6%
89 1.38 Devil May Cry 4
6%
84 1.48 Heavenly Sword
6%
79 1.57 Ratchet & Clank Future: A Crack in Time
6%
72 1.70 Burnout Paradise
5%
86 1.44 Just Cause 2
5%
51 2.23 Pro Evolution Soccer 2010
5%
57 2.05 Pro Evolution Soccer 2012
5%
91 1.32 Rock Band 2
5%
87 1.41 Dragon Age: Origins
4%
68 1.77 Guitar Hero: World Tour
4%
39 2.52 Need for Speed: Shift
4%
65 1.84 Need for Speed: undercover
4%
82 1.54 Pro Evolution Soccer 2008
4%
55 2.07 Pro Evolution Soccer 2009
4%
62 1.90 Need for Speed: ProStreet
3%
76 1.63 Need for Speed: The Run
3%
95 1.30 SoulCalibur IV
3%
63 1.89 Star Wars: The Force unleased
3%
78 1.60 Fight Night Round 3
2%
90 1.36 Fight Night Round 4
2%
92 1.31 Grand Theft Auto: Epsiodes from Liberty City
2%
81 1.56 Mortal Kombat vs DC Universe
2%
43 2.38 Ratchet & Clank Future: Tools of Destruction
2%
31 3.34 Sports Champions
2%
99 1.26 Tom Clancy's Rainbow Six: Vegas 2
2%
61 1.95 Midnight Club: Los Angeles
1%
44 2.33 Pro Evolution 2011
1%
97 1.27 Ridge Racer 7
1%
58 2.04 Sonic's Ultimate Genesis Collection
1%
75 1.66 UFC 2009 Undisputed
1%
98 1.26 UFC Undisputed 2010
1%
100 1.24 WWE Smackdown vs. Raw 2008
1%
No matching quizzes found
Score Distribution
Percent of People with Each Score
Percentile by Number Answered
Your Score History
You have not taken this quiz since the last reset